1795 1352 1895 1616 1152 1369 1715 1446 1602 1974 1671 1778 1036 1952 1625 1801 1595 1160 1280 1063 1247 1373 1158 1967 1258 1559 1013 1038 1933 1794 1766 1979 1748 1849 1915 1461 1346 1123 1655 1265 1030 1843 1161 1093 1871 1653 1482 1997 1769 1259 1759 1845 1555 1610 1057 1122 1699 1131 1847 1955 1112 1353 1237 1826 1195 1690 1805 1058 1502 1570 1543 1647 1658 1102 1002 1221 1664 1710 1925 1908 1620 1074 1131 1785 1802 1192 1047 1587 1617 1210 1746 1735 1006 1310 1980 1051 1816 1023 1258 BCNSPRNW ULIB Ver.6.0+V

เปลี่ยนเป็นภาษาไทย

Change to English
 แสดงรายละเอียดบรรณานุกรม
  กลับหน้าหลัก

Brief Record : Get Marc (ISO 2709) : E-mail record : QR code < ปิดหน้าต่าง
LEADER : 00000nam 2200000uu 4500
001    13399123821
003     ULIB
008    141202s2556||||th 000 0 tha d
020    ^a9786165516938
060  4 ^aWS200^bพ791
110 1  ^aจุฬาลงกรณ์มหาวิทยาลัย.^bคณะแพทยศาสตร์.^bภาควิชากุมารเวชศาสตร์
245 00 ^aPediatric practice : Knowledge Sharing for Best Quality Care /^cนวลจันทร์ปราบพาล ... [และคนอื่น ๆ] บรรณาธิการ
250    ^aพิมพ์ครั้งที่ 1
260    ^aกรุงเทพฯ :^bภาควิชากุมารเวชศาสตร์ คณะแพทยศาสตร์จุฬาลงกรณ์มหาวิทยาลัย,^c2556
300    ^aix, 298 หน้า :^bภาพประกอบ
500    ^aเอกสารประกอบการอบรมระยะสั้นของภาควิชากุมารเวชศาสตร์ คณะแพทยศาสตร์จุฬาลงกรณ์มหาวิทยาลัย
505 0  ^a^trespiratory distress in children --^trespiratory distress in children: how to approach to a child with stridor --^tprimary hypothyroidism --^tmanagemnet of hyperthyroidism from infancy through puberty --^tgrowth and puberty --^tvomiting --^trectal bleeding --^tการแพทย์เฉพาะบุคคล --^tbest practica in PICU
505 0  ^a--^tsmart interpertation of blood smear, bone marrow and hematology laboratory results --^tmyocarditis --^tgenetics in pediatric practice --^tskin signs in systemic disease: systemic lupus erythematosus, juvenile dermatomyositis --^tskin signs in nutritional deficiencies --^tskin signs in systemic disease: kawasaki disease --^tevaluation of hypertension in children and adolescents --^tการดูแลรักษาผู้ป่วยเด็กความดันโลหิตสูง --^thypertensive crisis --^tall about hair non-scarring alopecia
505 0  ^a--^tscarring alopecia --^ttinea capitis --^tpediatric palliative care: a modern path of life-limiting illness --^tacute liver failure in children --^tclinical approach to muscle weakness in children --^tmedia effects on children: pros and cons --^tallergic diseases: where are we non? --^tpediatric headache --^tนวัตกรรมการวินิจฉัยโรคกรดไหลย้อน
650  7 ^aเด็ก,โรค^bการรักษา
650  7 ^aเด็ก,โรค^bการวินิจฉัย
650  7 ^aกุมารเวชศาสตร์
700 0  ^aนวลจันทร์ ปราบพาล,^eบรรณาธิการ
700 0  ^aศิริวรรณ วนานุกูล,^eบรรณาธิการ
700 0  ^aสุชาดา ศรีทิพยวรรณ,^eบรรณาธิการ
700 0  ^aสุชีรา ฉัตรเพริดพราย,^eบรรณาธิการ
945    ^p450^l0^i22238
945    ^p450^l0^i22239
945    ^p450^l0^i22240
999    ^aทศพร เกษรทอง
รายการนี้ยังไม่มีแท็ก
คุณยังไม่ได้ล็อกอิน คุณสามารถมีกิจกรรมร่วมกับเว็บไซต์ได้ แต่ต้องล็อกอินก่อน ::
  ล็อกอิน

รายการสื่อสารสนเทศ

ลำดับที่ ประเภท เลขเรียก/บาร์โค้ด สถานที่ สถานะ
1. วิทยาศาสตร์การแพทย์ และสุขภาพ
หนังสือสำรอง
สถานะ=หนังสือสำรอง
WS200 พ791 ฉ.1 
  Barcode: 22238
ห้องสมุดวิทยาเขตนครสวรรค์
►หนังสือทั่วไป:l:General Books
บนชั้น
2. วิทยาศาสตร์การแพทย์ และสุขภาพ
วิทยาศาสตร์การแพทย์ และสุขภาพ
WS200 พ791 ฉ.2 
  Barcode: 22239
ห้องสมุดวิทยาเขตนครสวรรค์
►หนังสือทั่วไป:l:General Books
บนชั้น
3. วิทยาศาสตร์การแพทย์ และสุขภาพ
วิทยาศาสตร์การแพทย์ และสุขภาพ
สถานะ=หนังสือเก่า
WS200 พ791 ฉ.3 
  Barcode: 22240
ห้องสมุดวิทยาเขตนครสวรรค์
►ส่วนจัดเก็บหนังสือเก่า นว.
บนชั้น
  ขอยืม

รายการใกล้เคียง
    หัวเรื่อง [กุมารเวชศาสตร์]

BibComment


ยังไม่เคยถูกคอมเมนท์

คอมเมนท์ทรัพยากรรายการนี้
  คอมเมนท์: Pediatric practi..


 Copyright 2026. Bcnsprnw @Library